000 00369 a2200145 4500
001 60044
082 _a533.2 JOH
090 _c36858
_d36858
100 _aJones, James E. A.
245 _aGas Dynamics, 3rd Ed
_cJames E. A. Jones
250 _a3
260 _aAmerica
_bPearson Prentice Hall
_c2006
300 _a688 p.
_bphotocopy
500 _aBE textbook Aerospace
942 _aNUST-CAE
_k533.2 JOH
999 _c295117
_d295117